000 00781nam a2200229 a 4500
001 000017914
003 OSt
005 20260321073640.0
008 100407s1985 dr c r 000 0 spa d
040 _aDO-SdBNP
_bspa
_cBNPHU
082 _a923.77295
_bH831b, 1985
100 1 _a Bosch, Juan,
_d1909-2001
_976555
245 1 0 _aHostos, el sembrador /
_cJuan Bosch.
250 _a4a ed.
260 _aSanto Domingo :
_bAlfa y Omega,
_c1985.
300 _a207 p. :
_bretrs. ;
_c21 cm.
505 0 _aPrimera parte. La semilla. -- Segunda parte. El surco y la siembra -- Tercera parte. La triste cosecha.
600 1 0 _aHostos, Eugenio MarĂ­a de,
_d1839-1903
_91352
650 4 _aIntelectuales
_zPuerto Rico
_91002
910 _aValidado. Control de calidad. MMOLINA
942 _2ddc
_cLBS1
999 _c17438
_d17438